[Event "4NCL chT 1995/96 3rd"]
[Site "Various"]
[Date "1996.03.16"]
[Round "7.48"]
[White "Richmond, Jane"]
[Black "Jackson, Sheila"]
[Result "1-0"]
[WhiteElo "2180"]
[BlackElo "2180"]
[PlyCount "97"]
[EventDate "1995.11.25"]
[EventType "team-tourn"]
[EventRounds "13"]
[EventCountry "GBR"]
[SourceTitle "BritBase"]
[Source "britbase.info"]
[SourceDate "2021.07.30"]
[SourceVersion "1"]
[SourceVersionDate "2021.07.30"]
[SourceQuality "1"]
[WhiteTeam "South Wales Dragons"]
[BlackTeam "Wood Green"]
[WhiteTeamCountry "ENG"]
[BlackTeamCountry "ENG"]

1. e4 e5 2. Nf3 Nc6 3. d4 exd4 4. Nxd4 Nf6 5. Nxc6 bxc6 6. e5 Qe7 7. Qe2 Nd5 8.
Nd2 a5 9. Qe4 Qe6 10. c4 Nb4 11. Bd3 Nxd3+ 12. Qxd3 Qxe5+ 13. Kd1 Be7 14. Re1
Qh5+ 15. Nf3 Kd8 16. Bd2 Bf6 17. Qe4 d5 18. cxd5 cxd5 19. Qc2 Qf5 20. Qc5 Bb7
21. Rc1 Qd7 22. b3 a4 23. Bf4 Rc8 24. Be5 axb3 25. Bxf6+ gxf6 26. axb3 Re8 27.
Rxe8+ Qxe8 28. Nd4 Qe7 29. Qb5 Qe4 30. Nf3 Ba8 31. Rc2 Qe8 32. Qc5 Qe7 33. Qd4
c5 34. Qg4 Kc7 35. Re2 Qd7 36. Qf4+ Qd6 37. Re7+ Kc6 38. Qxd6+ Kxd6 39. Rxf7
Rc7 40. Rxf6+ Ke7 41. Rh6 Kd8 42. Ne5 Re7 43. Nc6+ Bxc6 44. Rxc6 Rb7 45. Rxc5
Rxb3 46. Rxd5+ Ke7 47. Rh5 Rb2 48. Rxh7+ Kf6 49. Ke1 {Source: South Wales
Dragons} 1-0

[Event "4NCL chT 1995/96 3rd"]
[Site "Various"]
[Date "1996.03.16"]
[Round "7.53"]
[White "McMichael, Richard"]
[Black "Parker, Jonathan"]
[Result "1/2-1/2"]
[WhiteElo "2250"]
[BlackElo "2480"]
[PlyCount "57"]
[EventDate "1995.11.25"]
[EventType "team-tourn"]
[EventRounds "13"]
[EventCountry "GBR"]
[SourceTitle "BritBase"]
[Source "britbase.info"]
[SourceDate "2021.07.30"]
[SourceVersion "1"]
[SourceVersionDate "2021.07.30"]
[SourceQuality "1"]
[WhiteTeam "Na Fianna"]
[BlackTeam "Midland Monarchs"]
[WhiteTeamCountry "ENG"]
[BlackTeamCountry "ENG"]

1. b3 e5 2. Bb2 Nc6 3. e3 Nf6 4. Bb5 Bd6 5. Nf3 e4 6. Nd4 Nxd4 7. Bxd4 c6 8.
Be2 O-O 9. c4 Qe7 10. Qc2 Be5 11. Qb2 d6 12. Bxe5 dxe5 13. Nc3 Bf5 14. O-O Rad8
15. f4 exf3 16. Rxf3 Bg4 17. Rf2 Bxe2 18. Rxe2 Rd3 19. Rf1 Rfd8 20. Qc2 Qd7 21.
Nd5 Nxd5 22. Qxd3 Nf4 23. Qxd7 Nxe2+ 24. Kf2 Rxd7 25. Kxe2 f6 26. Rd1 Kf7 27.
Kf3 Ke6 28. d4 h5 29. h3 1/2-1/2

[Event "4NCL chT 1995/96 3rd"]
[Site "Various"]
[Date "1996.03.16"]
[Round "7.55"]
[White "Wallace, Paul Anthony"]
[Black "Turner, Matthew J"]
[Result "0-1"]
[WhiteElo "2205"]
[BlackElo "2400"]
[PlyCount "40"]
[EventDate "1995.11.25"]
[EventType "team-tourn"]
[EventRounds "13"]
[EventCountry "GBR"]
[SourceTitle "BritBase"]
[Source "britbase.info"]
[SourceDate "2021.07.30"]
[SourceVersion "1"]
[SourceVersionDate "2021.07.30"]
[SourceQuality "1"]
[WhiteTeam "Na Fianna"]
[BlackTeam "Midland Monarchs"]
[WhiteTeamCountry "ENG"]
[BlackTeamCountry "ENG"]

1. e4 c5 2. Nc3 Nc6 3. Nf3 g6 4. g3 Bg7 5. Bg2 e6 6. O-O Nge7 7. d3 d5 8. exd5
exd5 9. Re1 O-O 10. Bf4 h6 11. Ne5 g5 12. Nxc6 Nxc6 13. Bd2 Be6 14. Ne2 d4 15.
h3 Bd5 16. Bxd5 Qxd5 17. Kh2 Ne5 18. Ng1 g4 19. Bf4 gxh3 20. f3 Ng4+ 0-1

[Event "4NCL chT 1995/96 3rd"]
[Site "Various"]
[Date "1996.03.16"]
[Round "7.56"]
[White "Hunt, Harriet"]
[Black "McMahon, Daire"]
[Result "1-0"]
[WhiteElo "2335"]
[BlackElo "2260"]
[PlyCount "77"]
[EventDate "1995.11.25"]
[EventType "team-tourn"]
[EventRounds "13"]
[EventCountry "GBR"]
[SourceTitle "BritBase"]
[Source "britbase.info"]
[SourceDate "2021.07.30"]
[SourceVersion "1"]
[SourceVersionDate "2021.07.30"]
[SourceQuality "1"]
[WhiteTeam "Midland Monarchs"]
[BlackTeam "Na Fianna"]
[WhiteTeamCountry "ENG"]
[BlackTeamCountry "ENG"]

1. e4 e5 2. Nf3 Nc6 3. Bb5 Nf6 4. O-O Bc5 5. c3 Nxe4 6. d4 exd4 7. cxd4 Bb6 8.
Nc3 Nxc3 9. Re1+ Ne7 10. bxc3 O-O 11. Qe2 Nf5 12. Bd3 d5 13. Qc2 g6 14. Bg5 Qd6
15. Qd2 f6 16. Bf4 Qd7 17. Re2 g5 18. Bg3 Qg7 19. Rae1 Bd7 20. Qc2 Nxg3 21.
hxg3 Rae8 22. Nh2 Rxe2 23. Rxe2 Re8 24. Rxe8+ Bxe8 25. Ng4 Bg6 26. Bf5 c6 27.
Ne3 Qf7 28. Qe2 Qe7 29. Qg4 Ba5 30. c4 dxc4 31. Nxc4 Bc3 32. Ne3 Bxf5 33. Nxf5
Qe1+ 34. Kh2 Qxf2 35. Qe4 Qe1 36. Ne3 Kf8 37. Qe6 Qf2 38. Nf5 Bxd4 39. Qe7+ 1-0

[Event "4NCL chT 1995/96 3rd"]
[Site "Various"]
[Date "1996.03.16"]
[Round "7.62"]
[White "Ledger, Dave J"]
[Black "Baker, Chris W"]
[Result "0-1"]
[WhiteElo "2270"]
[BlackElo "2340"]
[PlyCount "108"]
[EventDate "1995.11.25"]
[EventType "team-tourn"]
[EventRounds "13"]
[EventCountry "GBR"]
[SourceTitle "BritBase"]
[Source "britbase.info"]
[SourceDate "2021.07.30"]
[SourceVersion "1"]
[SourceVersionDate "2021.07.30"]
[SourceQuality "1"]
[WhiteTeam "Newcastle"]
[BlackTeam "Witney"]
[WhiteTeamCountry "ENG"]
[BlackTeamCountry "ENG"]

1. d4 Nf6 2. c4 e6 3. Nc3 Bb4 4. Qc2 O-O 5. a3 Bxc3+ 6. Qxc3 d6 7. Bg5 h6 8.
Bh4 Nbd7 9. e3 b6 10. Bd3 Bb7 11. f3 e5 12. Bf5 exd4 13. Qxd4 Ne5 14. Nh3 Re8
15. O-O c5 16. Qc3 Bc8 17. Bc2 Ba6 18. b3 Qe7 19. Rad1 Rad8 20. Rfe1 d5 21.
cxd5 Rxd5 22. Rxd5 Nxd5 23. Bxe7 Nxc3 24. Bd6 Nc6 25. Bg3 Rd8 26. Nf4 Na5 27.
Ra1 Rd2 28. Rc1 Na2 29. Be1 Nxc1 30. Bxd2 Naxb3 31. Bc3 Bc4 32. Kf2 b5 33. Nh5
f6 34. Bb2 a5 35. g4 b4 36. Nf4 g5 37. Nh5 Kf7 38. Nxf6 bxa3 39. Ne4 axb2 40.
Nd6+ Ke6 41. Nxc4 a4 42. e4 Nd4 43. Bb1 Nce2 44. Nxb2 Nc3 45. Bd3 a3 46. Bc4+
Kd6 47. Nd3 a2 48. Bxa2 Nxa2 49. f4 c4 50. Ne5 c3 51. Nd3 gxf4 52. e5+ Kd5 53.
Nxf4+ Kxe5 54. Nd3+ Ke4 0-1

[Event "4NCL chT 1995/96 3rd"]
[Site "Various"]
[Date "1996.03.16"]
[Round "7.71"]
[White "Bates, Richard"]
[Black "Miles, Anthony John"]
[Result "0-1"]
[WhiteElo "2325"]
[BlackElo "2660"]
[PlyCount "88"]
[EventDate "1995.11.25"]
[EventType "team-tourn"]
[EventRounds "13"]
[EventCountry "GBR"]
[SourceTitle "BritBase"]
[Source "britbase.info"]
[SourceDate "2021.07.30"]
[SourceVersion "1"]
[SourceVersionDate "2021.07.30"]
[SourceQuality "1"]
[WhiteTeam "Richmond"]
[BlackTeam "Slough"]
[WhiteTeamCountry "ENG"]
[BlackTeamCountry "ENG"]

1. d4 e6 2. Nf3 c5 3. g3 cxd4 4. Nxd4 a6 5. Bg2 Qc7 6. O-O Nf6 7. e4 Nc6 8. c4
Nxd4 9. Qxd4 Bc5 10. Qd2 O-O 11. b3 d6 12. Bb2 e5 13. Nc3 Bg4 14. Rac1 Rac8 15.
h3 Bd7 16. Kh2 Bc6 17. Nd5 Bxd5 18. exd5 a5 19. Bc3 Ra8 20. Qb2 Bb4 21. a3 Bxc3
22. Qxc3 Nd7 23. b4 b6 24. Qb2 Ra7 25. Rfe1 Rfa8 26. Re2 Qd8 27. f4 exf4 28.
gxf4 axb4 29. axb4 Qh4 30. Qd4 Nf6 31. Rce1 Ra2 32. Kg1 Rxe2 33. Rxe2 h6 34.
Qxb6 Qxf4 35. Qf2 Qxc4 36. Rb2 Ra1+ 37. Kh2 Qc3 38. Rc2 Qe5+ 39. Qg3 Qe7 40.
Qf3 Qe5+ 41. Qg3 Qd4 42. Qf3 Qg1+ 43. Kg3 Nh5+ 44. Kh4 Qe1+ 0-1

[Event "4NCL chT 1995/96 3rd"]
[Site "Various"]
[Date "1996.03.16"]
[Round "7.72"]
[White "Lalic, Bogdan"]
[Black "McShane, Luke J"]
[Result "1-0"]
[WhiteElo "2575"]
[BlackElo "2295"]
[PlyCount "67"]
[EventDate "1995.11.25"]
[EventType "team-tourn"]
[EventRounds "13"]
[EventCountry "GBR"]
[SourceTitle "BritBase"]
[Source "britbase.info"]
[SourceDate "2021.07.30"]
[SourceVersion "1"]
[SourceVersionDate "2021.07.30"]
[SourceQuality "1"]
[WhiteTeam "Slough"]
[BlackTeam "Richmond"]
[WhiteTeamCountry "ENG"]
[BlackTeamCountry "ENG"]

1. d4 Nf6 2. Nf3 g6 3. c4 Bg7 4. g3 O-O 5. Bg2 d6 6. O-O Nbd7 7. Nc3 e5 8. e4
exd4 9. Nxd4 Re8 10. h3 c6 11. b3 Nc5 12. Re1 a5 13. Rb1 Nfd7 14. Re2 Ne5 15.
Be3 a4 16. f4 axb3 17. axb3 Ned3 18. b4 Ra3 19. bxc5 Rxc3 20. cxd6 Qxd6 21. e5
Qa3 22. Ra1 Qb4 23. Bd2 Rd8 24. Bxc3 Qxc3 25. Nf3 Bf8 26. Ra8 Qxc4 27. Kh2 Kg7
28. e6 fxe6 29. Qa1+ Kg8 30. Qf6 Re8 31. Ng5 e5 32. Rc2 Qb3 33. Rc3 Bg7 34. Qe7
1-0

[Event "4NCL chT 1995/96 3rd"]
[Site "Various"]
[Date "1996.03.16"]
[Round "7.73"]
[White "Wall, Gavin"]
[Black "Hebden, Mark"]
[Result "0-1"]
[WhiteElo "2265"]
[BlackElo "2540"]
[PlyCount "72"]
[EventDate "1995.11.25"]
[EventType "team-tourn"]
[EventRounds "13"]
[EventCountry "GBR"]
[SourceTitle "BritBase"]
[Source "britbase.info"]
[SourceDate "2021.07.30"]
[SourceVersion "1"]
[SourceVersionDate "2021.07.30"]
[SourceQuality "1"]
[WhiteTeam "Richmond"]
[BlackTeam "Slough"]
[WhiteTeamCountry "ENG"]
[BlackTeamCountry "ENG"]

1. d4 Nf6 2. Nf3 g6 3. Bf4 Bg7 4. h3 O-O 5. e3 c5 6. c3 d6 7. Bc4 Nc6 8. O-O
Qb6 9. Qc1 Bf5 10. Nbd2 Rac8 11. Re1 cxd4 12. exd4 Rfe8 13. Bb3 Nb4 14. Nc4 Qa6
15. cxb4 b5 16. Qd1 bxc4 17. Ba4 Bd7 18. Bxd7 Nxd7 19. Qd2 Nb6 20. Bh6 Bf6 21.
Bg5 Nd5 22. Bxf6 exf6 23. a4 Rxe1+ 24. Qxe1 Qb7 25. b5 a6 26. bxa6 Qxa6 27. a5
Ra8 28. Qd2 Qb5 29. Nh2 f5 30. Nf1 Nb4 31. Ne3 Nd3 32. Ra2 f4 33. Nd1 Qd5 34.
Qc3 Re8 35. Kf1 Qxd4 36. Qd2 Qe4 0-1

[Event "4NCL chT 1995/96 3rd"]
[Site "Various"]
[Date "1996.03.16"]
[Round "7.75"]
[White "Franklin, Michael J"]
[Black "Mortazavi, Ali"]
[Result "1/2-1/2"]
[WhiteElo "2280"]
[BlackElo "2395"]
[PlyCount "87"]
[EventDate "1995.11.25"]
[EventType "team-tourn"]
[EventRounds "13"]
[EventCountry "GBR"]
[SourceTitle "BritBase"]
[Source "britbase.info"]
[SourceDate "2021.07.30"]
[SourceVersion "1"]
[SourceVersionDate "2021.07.30"]
[SourceQuality "1"]
[WhiteTeam "Richmond"]
[BlackTeam "Slough"]
[WhiteTeamCountry "ENG"]
[BlackTeamCountry "ENG"]

1. c4 Nf6 2. Nc3 c5 3. e4 d6 4. g3 Nc6 5. Bg2 g6 6. d3 Bg7 7. Nge2 a6 8. h3 Rb8
9. Be3 b5 10. Qd2 Bd7 11. Rc1 O-O 12. b3 Ne8 13. f4 Nd4 14. O-O f5 15. cxb5
axb5 16. b4 fxe4 17. dxe4 Nxe2+ 18. Nxe2 cxb4 19. Qxb4 Be6 20. Nd4 Bxd4 21.
Qxd4 Bxa2 22. f5 Nf6 23. Rf2 Bc4 24. Bf1 Bxf1 25. Rcxf1 Rc8 26. fxg6 hxg6 27.
e5 dxe5 28. Qxe5 Qd5 29. Qxe7 Qe4 30. Qa3 b4 31. Qb3+ Nd5 32. Rxf8+ Rxf8 33.
Rxf8+ Kxf8 34. Bc5+ Kg7 35. h4 Kf6 36. Kf2 Ke5 37. Qb2+ Kf5 38. Qb3 Ke6 39. Qa4
Qc4 40. Qc6+ Kf5 41. g4+ Kxg4 42. Qxg6+ Kxh4 43. Qh6+ Kg4 44. Qg6+ 1/2-1/2

[Event "4NCL chT 1995/96 3rd"]
[Site "Various"]
[Date "1996.03.17"]
[Round "8.16"]
[White "Helbig, Paul"]
[Black "James, Dale R"]
[Result "1/2-1/2"]
[WhiteElo "2190"]
[BlackElo "2235"]
[PlyCount "75"]
[EventDate "1995.11.25"]
[EventType "team-tourn"]
[EventRounds "13"]
[EventCountry "GBR"]
[SourceTitle "BritBase"]
[Source "britbase.info"]
[SourceDate "2021.07.30"]
[SourceVersion "1"]
[SourceVersionDate "2021.07.30"]
[SourceQuality "1"]
[WhiteTeam "Bristol"]
[BlackTeam "North West Eagles"]
[WhiteTeamCountry "ENG"]
[BlackTeamCountry "ENG"]

1. e4 c5 2. Nc3 Nc6 3. g3 e6 4. Bg2 Nf6 5. Nge2 d5 6. exd5 exd5 7. d4 cxd4 8.
Nxd4 Bg4 9. Nce2 Bc5 10. Be3 Qe7 11. Nxc6 bxc6 12. Bxc5 Qxc5 13. h3 Bh5 14. Qd4
Qa5+ 15. Nc3 O-O 16. O-O Rab8 17. b3 Bg6 18. Rac1 c5 19. Qd2 d4 20. Ne4 Qa3 21.
Nxf6+ gxf6 22. Ra1 Qb2 23. Rfc1 d3 24. Rab1 Qxa2 25. Ra1 Qb2 26. Rab1 Qd4 27.
cxd3 Bxd3 28. Ra1 Rxb3 29. Rxa7 c4 30. Rc7 Qe5 31. R7xc4 Bxc4 32. Rxc4 Rb1+ 33.
Kh2 Qe1 34. Qxe1 Rxe1 35. Rg4+ Kh8 36. Rf4 Re6 37. Be4 Rfe8 38. Bd5 1/2-1/2

[Event "4NCL chT 1995/96 3rd"]
[Site "Various"]
[Date "1996.03.17"]
[Round "8.21"]
[White "Chandler, Murray G"]
[Black "Bates, Richard"]
[Result "1-0"]
[WhiteElo "2535"]
[BlackElo "2325"]
[PlyCount "71"]
[EventDate "1995.11.25"]
[EventType "team-tourn"]
[EventRounds "13"]
[EventCountry "GBR"]
[SourceTitle "BritBase"]
[Source "britbase.info"]
[SourceDate "2021.07.30"]
[SourceVersion "1"]
[SourceVersionDate "2021.07.30"]
[SourceQuality "1"]
[WhiteTeam "British Chess Magazine"]
[BlackTeam "Richmond"]
[WhiteTeamCountry "ENG"]
[BlackTeamCountry "ENG"]

1. e4 c5 2. Nf3 d6 3. d4 cxd4 4. Qxd4 a6 5. c4 Nc6 6. Qd2 Nf6 7. Nc3 g6 8. b3
Bg7 9. Bb2 O-O 10. Rb1 Rb8 11. a3 b5 12. cxb5 axb5 13. Bxb5 Nxe4 14. Nxe4 Rxb5
15. Bxg7 Kxg7 16. Qc3+ Ne5 17. Nd4 Rd5 18. O-O Kg8 19. Rbd1 Bb7 20. Rfe1 Qb6
21. h3 Rc8 22. Qe3 Nd7 23. Nc3 Re5 24. Qd2 Qc5 25. Nce2 Qxa3 26. Ra1 Qc5 27.
Rec1 Qd5 28. Nf4 Rxc1+ 29. Rxc1 Qe4 30. f3 Qe3+ 31. Qxe3 Rxe3 32. Kf2 Re5 33.
Rc7 Nc5 34. b4 g5 35. bxc5 dxc5 36. Nd3 {Source: Murray Chandler} 1-0

[Event "4NCL chT 1995/96 3rd"]
[Site "Various"]
[Date "1996.03.17"]
[Round "8.22"]
[White "McShane, Luke J"]
[Black "Levitt, Jonathan P"]
[Result "1-0"]
[WhiteElo "2295"]
[BlackElo "2435"]
[PlyCount "83"]
[EventDate "1995.11.25"]
[EventType "team-tourn"]
[EventRounds "13"]
[EventCountry "GBR"]
[SourceTitle "BritBase"]
[Source "britbase.info"]
[SourceDate "2021.07.30"]
[SourceVersion "1"]
[SourceVersionDate "2021.07.30"]
[SourceQuality "1"]
[WhiteTeam "Richmond"]
[BlackTeam "British Chess Magazine"]
[WhiteTeamCountry "ENG"]
[BlackTeamCountry "ENG"]

1. e4 e6 2. d4 d5 3. Nd2 c5 4. exd5 Qxd5 5. Ngf3 cxd4 6. Bc4 Qd6 7. O-O Nf6 8.
Nb3 Nc6 9. Nbxd4 Nxd4 10. Nxd4 a6 11. Bb3 Qc7 12. Qf3 Bd6 13. h3 Bh2+ 14. Kh1
Be5 15. c3 O-O 16. Be3 Re8 17. Rae1 Bd7 18. Qe2 Rac8 19. Nf3 Bd6 20. Rd1 Bc6
21. Nd4 Bd5 22. Bxd5 Nxd5 23. Bc1 Qc4 24. Qxc4 Rxc4 25. Rfe1 Rec8 26. Kg1 g6
27. g3 Bf8 28. a3 h5 29. h4 Bg7 30. Nb3 b6 31. Nd2 R4c6 32. Ne4 b5 33. Be3 a5
34. Bd4 Bxd4 35. Rxd4 b4 36. axb4 axb4 37. cxb4 Rb6 38. Ra1 Nxb4 39. Rd7 Rf8
40. Raa7 Nc6 41. Rab7 Rb8 42. Nf6+ 1-0

[Event "4NCL chT 1995/96 3rd"]
[Site "Various"]
[Date "1996.03.17"]
[Round "8.23"]
[White "Bellin, Robert"]
[Black "Wall, Gavin"]
[Result "1-0"]
[WhiteElo "2385"]
[BlackElo "2265"]
[PlyCount "74"]
[EventDate "1995.11.25"]
[EventType "team-tourn"]
[EventRounds "13"]
[EventCountry "GBR"]
[SourceTitle "BritBase"]
[Source "britbase.info"]
[SourceDate "2021.07.30"]
[SourceVersion "1"]
[SourceVersionDate "2021.07.30"]
[SourceQuality "1"]
[WhiteTeam "British Chess Magazine"]
[BlackTeam "Richmond"]
[WhiteTeamCountry "ENG"]
[BlackTeamCountry "ENG"]

1. d4 f5 2. Nc3 d5 3. Bg5 g6 4. Qd2 Bg7 5. f3 Be6 6. O-O-O Nf6 7. Bh6 Bxh6 8.
Qxh6 Qd6 9. g4 Nbd7 10. gxf5 gxf5 11. Nh3 Nb6 12. e3 Rg8 13. Nb5 Qd7 14. Qf4
O-O-O 15. Nxa7+ Kb8 16. Nb5 Nc4 17. Bxc4 dxc4 18. Nc3 Bd5 19. Rhf1 Rg6 20. Qh4
Rdg8 21. Nf4 Rg5 22. Qf2 Qc6 23. a3 b5 24. Qe2 e6 25. Rde1 Qa6 26. e4 b4 27.
axb4 fxe4 28. fxe4 Bb7 29. Kb1 Qb6 30. Qxc4 Ba6 31. b5 Bxb5 32. Nxb5 Rxb5 33.
Nd3 Nd7 34. Rf7 Rd8 35. c3 e5 36. d5 Nc5 37. Nb4 Na4 1-0

[Event "4NCL chT 1995/96 3rd"]
[Site "Various"]
[Date "1996.03.17"]
[Round "8.25"]
[White "Cafferty, Bernard"]
[Black "Franklin, Michael J"]
[Result "1/2-1/2"]
[WhiteElo "2240"]
[BlackElo "2280"]
[PlyCount "67"]
[EventDate "1995.11.25"]
[EventType "team-tourn"]
[EventRounds "13"]
[EventCountry "GBR"]
[SourceTitle "BritBase"]
[Source "britbase.info"]
[SourceDate "2021.07.30"]
[SourceVersion "1"]
[SourceVersionDate "2021.07.30"]
[SourceQuality "1"]
[WhiteTeam "British Chess Magazine"]
[BlackTeam "Richmond"]
[WhiteTeamCountry "ENG"]
[BlackTeamCountry "ENG"]

1. Nf3 Nf6 2. g3 d5 3. Bg2 c6 4. O-O Bf5 5. b3 e6 6. Bb2 Be7 7. d3 h6 8. Nbd2
O-O 9. c4 a5 10. a3 Bh7 11. Qc2 Nbd7 12. Rfc1 Qb6 13. Qc3 Bc5 14. d4 Be7 15. c5
Qc7 16. b4 Rfe8 17. Qb3 Bf8 18. Bh3 Reb8 19. Qe3 Re8 20. Nb3 a4 21. Nbd2 g5 22.
Ne5 Bg7 23. f4 gxf4 24. gxf4 Ne4 25. Nxe4 Bxe4 26. Kf2 Nxe5 27. dxe5 Qe7 28.
Rg1 Kh7 29. Rg3 Rg8 30. Rag1 Qh4 31. Kf1 h5 32. Bg2 Bf5 33. Bh3 Be4 34. Bg2
1/2-1/2

[Event "4NCL chT 1995/96 3rd"]
[Site "Various"]
[Date "1996.03.17"]
[Round "8.26"]
[White "Norman, Kenneth I"]
[Black "Giddins, Stephen W"]
[Result "1-0"]
[WhiteElo "2180"]
[BlackElo "2370"]
[PlyCount "99"]
[EventDate "1995.11.25"]
[EventType "team-tourn"]
[EventRounds "13"]
[EventCountry "GBR"]
[SourceTitle "BritBase"]
[Source "britbase.info"]
[SourceDate "2021.07.30"]
[SourceVersion "1"]
[SourceVersionDate "2021.07.30"]
[SourceQuality "1"]
[WhiteTeam "Richmond"]
[BlackTeam "British Chess Magazine"]
[WhiteTeamCountry "ENG"]
[BlackTeamCountry "ENG"]

1. Nf3 d5 2. c4 e6 3. g3 c5 4. cxd5 exd5 5. d4 Nc6 6. Bg2 Nf6 7. O-O Be7 8. Nc3
O-O 9. Bg5 cxd4 10. Nxd4 h6 11. Be3 Re8 12. Rc1 Be6 13. Nxc6 bxc6 14. Na4 Qd7
15. Bc5 Bh3 16. Bxe7 Bxg2 17. Kxg2 Rxe7 18. e3 Ne4 19. Nc5 Qf5 20. Qc2 Rae8 21.
Rfd1 h5 22. h4 g6 23. Rd4 Qf6 24. b3 Nd6 25. Qd3 Nf5 26. Rf4 Qb2 27. Rc2 Qe5
28. Qc3 Qxc3 29. Rxc3 Nd6 30. Ra4 Kg7 31. Ra6 Nf5 32. Nd3 d4 33. exd4 Nxd4 34.
Rc4 Rd8 35. Nb4 Rd6 36. Nxc6 Nxc6 37. Raxc6 Rd2 38. Rc2 Rxc2 39. Rxc2 Kf6 40.
Rc5 Kg7 41. Ra5 Kh7 42. b4 Kg7 43. Kf3 Kh7 44. Rb5 Kg7 45. a4 Kh7 46. a5 Kg7
47. Rb8 Kf6 48. b5 Kg7 49. a6 Re6 50. b6 1-0

[Event "4NCL chT 1995/96 3rd"]
[Site "Various"]
[Date "1996.03.17"]
[Round "8.32"]
[White "Lyell, Mark"]
[Black "Harley, Andrew D"]
[Result "1/2-1/2"]
[WhiteElo "2270"]
[BlackElo "2270"]
[PlyCount "48"]
[EventDate "1995.11.25"]
[EventType "team-tourn"]
[EventRounds "13"]
[EventCountry "GBR"]
[SourceTitle "BritBase"]
[Source "britbase.info"]
[SourceDate "2021.07.30"]
[SourceVersion "1"]
[SourceVersionDate "2021.07.30"]
[SourceQuality "1"]
[WhiteTeam "Na Fianna"]
[BlackTeam "Croydon 1859"]
[WhiteTeamCountry "ENG"]
[BlackTeamCountry "ENG"]

1. e4 e6 2. d4 d5 3. e5 c5 4. c3 Qb6 5. Nf3 Nc6 6. a3 Nh6 7. Bd3 cxd4 8. cxd4
Bd7 9. Bc2 Nf5 10. Bxf5 exf5 11. Nc3 Be6 12. O-O Be7 13. h4 h6 14. h5 O-O 15.
Qd3 f4 16. Bxf4 Rad8 17. Ne2 Bg4 18. Ng3 Bxf3 19. Qxf3 Nxd4 20. Qg4 Qe6 21. Qd1
Nf5 22. Rc1 Nxg3 23. Bxg3 Rc8 24. Qd4 b6 1/2-1/2

[Event "4NCL chT 1995/96 3rd"]
[Site "Various"]
[Date "1996.03.17"]
[Round "8.33"]
[White "Wilson, Jonathan G"]
[Black "McMichael, Richard"]
[Result "1-0"]
[WhiteElo "2320"]
[BlackElo "2250"]
[PlyCount "87"]
[EventDate "1995.11.25"]
[EventType "team-tourn"]
[EventRounds "13"]
[EventCountry "GBR"]
[SourceTitle "BritBase"]
[Source "britbase.info"]
[SourceDate "2021.07.30"]
[SourceVersion "1"]
[SourceVersionDate "2021.07.30"]
[SourceQuality "1"]
[WhiteTeam "Croydon 1859"]
[BlackTeam "Na Fianna"]
[WhiteTeamCountry "ENG"]
[BlackTeamCountry "ENG"]

1. d4 Nf6 2. c4 c5 3. d5 e5 4. Nc3 d6 5. e4 Be7 6. Nf3 O-O 7. g3 a6 8. a4 Ne8
9. Bg2 g6 10. Bh6 Ng7 11. O-O Nd7 12. Qd2 Nf6 13. h3 Nfh5 14. g4 Nf6 15. Ne1
Nfe8 16. f4 exf4 17. Bxf4 h5 18. g5 Bd7 19. Nf3 Nc7 20. e5 Bf5 21. exd6 Bxd6
22. Nh4 Nce8 23. Nxf5 Nxf5 24. Ne4 Qc7 25. Nxd6 Nexd6 26. Rac1 a5 27. Be5 Qd7
28. b3 Rfe8 29. Rce1 b6 30. Qf4 Re7 31. Bf6 Ree8 32. h4 Rxe1 33. Rxe1 Re8 34.
Rxe8+ Nxe8 35. Be5 Ned6 36. Bh3 Qe7 37. Kf2 Kh7 38. Bxf5 Nxf5 39. Bf6 Qd7 40.
Qb8 Ng7 41. Qf8 Qf5+ 42. Ke3 Qh3+ 43. Kd2 Qh2+ 44. Kc3 1-0

[Event "4NCL chT 1995/96 3rd"]
[Site "Various"]
[Date "1996.03.17"]
[Round "8.35"]
[White "Gormally, Daniel"]
[Black "Wallace, Paul Anthony"]
[Result "1-0"]
[WhiteElo "2265"]
[BlackElo "2205"]
[PlyCount "45"]
[EventDate "1995.11.25"]
[EventType "team-tourn"]
[EventRounds "13"]
[EventCountry "GBR"]
[SourceTitle "BritBase"]
[Source "britbase.info"]
[SourceDate "2021.07.30"]
[SourceVersion "1"]
[SourceVersionDate "2021.07.30"]
[SourceQuality "1"]
[WhiteTeam "Croydon 1859"]
[BlackTeam "Na Fianna"]
[WhiteTeamCountry "ENG"]
[BlackTeamCountry "ENG"]

1. d4 Nf6 2. c4 g6 3. Nc3 Bg7 4. e4 d6 5. f4 O-O 6. Nf3 Nbd7 7. Bd3 e5 8. fxe5
dxe5 9. d5 c6 10. O-O Nc5 11. Bc2 Nfd7 12. b4 Na6 13. Rb1 c5 14. a3 f6 15. Be3
Rf7 16. Ba4 Bf8 17. d6 Kg7 18. Bb5 Qb6 19. bxc5 Qa5 20. Na4 Nab8 21. Qd5 h6 22.
c6 bxc6 23. Bxc6 1-0

[Event "4NCL chT 1995/96 3rd"]
[Site "Various"]
[Date "1996.03.17"]
[Round "8.42"]
[White "Povah, Nigel Edward"]
[Black "Howell, James C"]
[Result "0-1"]
[WhiteElo "2360"]
[BlackElo "2490"]
[PlyCount "40"]
[EventDate "1995.11.25"]
[EventType "team-tourn"]
[EventRounds "13"]
[EventCountry "GBR"]
[SourceTitle "BritBase"]
[Source "britbase.info"]
[SourceDate "2021.07.30"]
[SourceVersion "1"]
[SourceVersionDate "2021.07.30"]
[SourceQuality "1"]
[WhiteTeam "Guildford"]
[BlackTeam "Midland Monarchs"]
[WhiteTeamCountry "ENG"]
[BlackTeamCountry "ENG"]

1. d4 Nf6 2. c4 g6 3. Nc3 Bg7 4. e4 d6 5. f4 c5 6. d5 e6 7. Nf3 exd5 8. cxd5
O-O 9. e5 dxe5 10. fxe5 Ng4 11. Bg5 Qb6 12. Qd2 Nxe5 13. Nxe5 Bxe5 14. O-O-O
Bf5 15. Be7 Qb4 16. g3 Re8 17. Bg5 Nd7 18. d6 c4 19. Be7 Nc5 20. Nd5 Qa4 0-1

[Event "4NCL chT 1995/96 3rd"]
[Site "Various"]
[Date "1996.03.17"]
[Round "8.44"]
[White "Abayasekera, Roger"]
[Black "Ledger, Andrew"]
[Result "1/2-1/2"]
[WhiteElo "2250"]
[BlackElo "2410"]
[PlyCount "47"]
[EventDate "1995.11.25"]
[EventType "team-tourn"]
[EventRounds "13"]
[EventCountry "GBR"]
[SourceTitle "BritBase"]
[Source "britbase.info"]
[SourceDate "2021.07.30"]
[SourceVersion "1"]
[SourceVersionDate "2021.07.30"]
[SourceQuality "1"]
[WhiteTeam "Guildford"]
[BlackTeam "Midland Monarchs"]
[WhiteTeamCountry "ENG"]
[BlackTeamCountry "ENG"]

1. Nf3 Nf6 2. c4 c6 3. b3 d5 4. e3 g6 5. Bb2 Bg7 6. Be2 O-O 7. O-O Bf5 8. Nc3
Ne4 9. d4 Nxc3 10. Bxc3 Nd7 11. cxd5 cxd5 12. Bb4 Nb8 13. Qd2 Nc6 14. Bc5 Qd7
15. Rac1 Rfc8 16. Rfd1 f6 17. Ne1 Rd8 18. Ba3 e5 19. Bb5 Rac8 20. Nd3 Qf7 21.
Nb4 Nxb4 22. Bxb4 a6 23. Bf1 Be6 24. Rxc8 1/2-1/2